000 00779nam a2200193Ia 4500
003 IN-BaIIA
008 211028s9999 xx 000 0 eng d
040 _cIIA Library
080 _a083:523
_bSMI-IV
110 _aSmithsonian Astrophysical Observatory.
_94745
245 0 _aSmithsonian astrophysical observatory star catalog
_bpositions and proper motions of 258, 997 stars for the epoch and equinox of 1950.0, pt. iv
_cSmithsonian Astrophysical Observatory.
260 _aWashington
_bSmithsonian Institution Press
_c1966
300 _a[various pagings.]
650 _aAstronomy and astrophysics thesaurus
650 _aCatalogue - stars
_9966
650 _aStars - catalogue
_9967
710 _aSmithsonian Astrophysical Observatory
_94746
942 _cBK
999 _c2663
_d2663